01260 a2200181 45000010006000000050017000060080041000230030015000640400040000790800062001192450035001810200018002162640034002343000019002685050632002871000034009198560125009533098320260407155618.0260407a2001 arg spa dAR-UNSa-BCEJYS aAR-UNSa-BCEJYSbspacAR-UNSa-BCEJYS a351xFunciones propias de la administración pública 10aManual de contabilidad estatal a950-14-1834-0 1aBuenos Aires :bDepalmac2001 a168 p.c23 cm. a1. El sistema contable, el presupuesto y la constitución Argentina - 2. Algunas disposiciones constitucionales vinculadas al sistema contable del estado - 3. El sector público nacional - 4. El presupuesto - 5. La ley de administración financiera - 6. La ejecución del presupuesto - 7. El sistema contable argentino - 8. Los contratos administrativos - 9. Los sistemas de control de la le de administración financiera - 10. Breves reflexiones sobre la inconstitucionalidad de la ley 24156, relativas al control de la hacienda pública - 11. El primer balance argentino - 12. Conclusiones, recomendaciones y despedida 1 aZaffaroni, Santiago Guillermo41uhttps://biblioeco.unsa.edu.ar/pmb/images/libros/Manual de contabilidad estatal-l86795.jpgyImagen de portadaqimage/jpeg